[Event "Sharjah Blitz op 27th"]
[Site "Sharjah"]
[Date "2022.04.08"]
[Round "1"]
[White "Alhammadi, Khalifa Mohamed"]
[Black "Rafee, Mohd Hayel"]
[Result "0-1"]
[WhiteElo "1065"]
[BlackElo "1941"]
[PlyCount "128"]
[EventDate "2022.04.08"]
[EventType "swiss (blitz)"]
[EventRounds "9"]
[EventCountry "UAE"]
[SourceTitle "CBM 207 Extra"]
[Source "ChessBase"]
[SourceDate "2022.05.31"]
[SourceVersion "1"]
[SourceVersionDate "2022.05.31"]
[SourceQuality "1"]

1. d4 c5 2. c3 cxd4 3. cxd4 d5 4. Nc3 Nc6 5. e3 Nf6 6. Nf3 Bg4 7. h3 Bxf3 8. Qxf3 e6 9. Bd2 Rc8 10. Rc1 a6 11. Bd3 Bd6 12. 0-0 0-0 13. Rfe1 Re8 14. a3 e5 15. dxe5 Nxe5 16. Qe2 Nxd3 17. Qxd3 Re5 18. Ne2 Ne4 19. Rxc8 Qxc8 20. Rc1 Qe8 21. Bc3 Nxc3 22. Nxc3 Qe6 23. f4 Rxe3 24. Qd4 h6 25. Nxd5 Re4 26. Qd2 b6 27. Nc3 Rxf4 28. Re1 Bc5+ 29. Kh1 Qf6 30. Re8+ Kh7 31. Qd3+ g6 32. Re1 Qf5 33. Qxf5 Rxf5 34. b4 Bd4 35. Nb1 Kg7 36. Rd1 Bb2 37. Rd2 Rf1+ 38. Kh2 Rxb1 39. a4 Be5+ 40. g3 Rxb4 41. Ra2 Rb2+ 42. Rxb2 Bxb2 43. Kg1 Kf6 44. Kf2 Ke5 45. Ke3 Bd4+ 46. Kd3 f5 47. h4 g5 48. hxg5 hxg5 49. Ke2 Ke4 50. Kd2 Kf3 51. Kd3 Bc5 52. Kc4 a5 53. g4 f4 54. Kd3 Kxg4 55. Ke2 Kg3 56. Kf1 f3 57. Ke1 Kg2 58. Kd2 f2 59. Kc3 f1Q 60. Kd2 Kf3 61. Kc3 Qe2 62. Kb3 Qd3+ 63. Kb2 Ba3+ 64. Ka1 Qc3+ 0-1

[Event "Sharjah Blitz op 27th"]
[Site "Sharjah"]
[Date "2022.04.08"]
[Round "4"]
[White "Rafee, Mohd Hayel"]
[Black "Erdogdu, Mert"]
[Result "0-1"]
[WhiteElo "1941"]
[BlackElo "2407"]
[PlyCount "40"]
[EventDate "2022.04.08"]
[EventType "swiss (blitz)"]
[EventRounds "9"]
[EventCountry "UAE"]
[SourceTitle "CBM 207 Extra"]
[Source "ChessBase"]
[SourceDate "2022.05.31"]
[SourceVersion "1"]
[SourceVersionDate "2022.05.31"]
[SourceQuality "1"]

1. e4 c5 2. Nf3 d6 3. Bc4 Nf6 4. d3 Nc6 5. 0-0 a6 6. a4 e6 7. c3 Be7 8. Qe2 0-0 9. Rd1 d5 10. exd5 Nxd5 11. Bb3 Bf6 12. Nbd2 b6 13. Ne4 Bb7 14. Nxf6+ Qxf6 15. Bg5 Qg6 16. Bc2 h6 17. d4 f5 18. Bc1 cxd4 19. Nxd4 Nxd4 20. Rxd4 Nxc3 0-1

[Event "Sharjah Rapid op 27th"]
[Site "Sharjah"]
[Date "2022.04.06"]
[Round "5"]
[White "Sriram, Venkatesan"]
[Black "Rafee, Mohd Hayel"]
[Result "0-1"]
[WhiteElo "1108"]
[BlackElo "1941"]
[PlyCount "70"]
[EventDate "2022.04.06"]
[EventType "swiss (rapid)"]
[EventRounds "9"]
[EventCountry "UAE"]
[SourceTitle "CBM 207 Extra"]
[Source "ChessBase"]
[SourceDate "2022.05.31"]
[SourceVersion "1"]
[SourceVersionDate "2022.05.31"]
[SourceQuality "1"]

1. d4 c5 2. Bf4 cxd4 3. Qxd4 Nc6 4. Qd1 e5 5. Bg3 Nf6 6. e3 d5 7. Bb5 Bb4+ 8. c3 Bd6 9. Nf3 Qe7 10. Nbd2 0-0 11. 0-0 a6 12. Ba4 b5 13. Bb3 Na5 14. h3 Nxb3 15. Nxb3 Bf5 16. Bh4 Rfd8 17. Qe2 Bg6 18. Nh2 Qe6 19. Rfe1 Rd7 20. Rad1 Bh5 21. f3 Be7 22. Bxf6 Qxf6 23. e4 d4 24. cxd4 exd4 25. Ng4 Qb6 26. Kh1 Bxg4 27. fxg4 a5 28. Qf3 a4 29. Nc1 Rc8 30. Re2 Qe6 31. Red2 Bg5 32. Rxd4 Rxd4 33. Rxd4 Rxc1+ 34. Kh2 Qe5+ 35. g3 Rc2+ 0-1

[Event "Sharjah op rapid"]
[Site "Sharjah"]
[Date "2018.05.24"]
[Round "3"]
[White "Grivas, Efstratios"]
[Black "Rafee, Mohd Hayel"]
[Result "1-0"]
[WhiteElo "2445"]
[BlackElo "1888"]
[PlyCount "71"]
[EventDate "2018.05.23"]
[EventType "swiss (rapid)"]
[EventRounds "9"]
[EventCountry "UAE"]
[SourceTitle "CBM 184 Extra"]
[Source "ChessBase"]
[SourceDate "2018.06.28"]
[SourceVersion "1"]
[SourceVersionDate "2018.06.28"]
[SourceQuality "1"]

1. d4 Nf6 2. c4 d6 3. Nf3 g6 4. Nc3 Bg7 5. e4 0-0 6. h3 c5 7. d5 Na6 8. Bd3 Nc7 9. Bg5 a6 10. a4 e6 11. 0-0 exd5 12. exd5 h6 13. Be3 Re8 14. Qd2 Kh7 15. Rfe1 Rb8 16. a5 Re7 17. Bf4 Nce8 18. Rxe7 Qxe7 19. Re1 Qd8 20. Na4 Nh5 21. Bh2 b5 22. axb6 Bd7 23. Bc2 Nhf6 24. Qa5 Bxa4 25. Bxa4 Nd7 26. Bxd7 Qxd7 27. Qxa6 Bxb2 28. Rb1 Bf6 29. b7 Qf5 30. Qa2 Qd7 31. Qa7 Qc7 32. Nd2 Ng7 33. Ne4 Ne8 34. Nxc5 Bd4 35. Qxb8 Qxb8 36. Na6 1-0

[Event "Al Ain op 3rd"]
[Site "Al Ain"]
[Date "2014.12.22"]
[Round "5"]
[White "Rafee, Mohd Hayel"]
[Black "Safranska, Anda"]
[Result "0-1"]
[WhiteElo "1931"]
[BlackElo "2267"]
[PlyCount "150"]
[EventDate "2014.12.19"]
[EventType "swiss"]
[EventRounds "9"]
[EventCountry "UAE"]
[SourceTitle "CBM 164 Extra"]
[Source "ChessBase"]
[SourceDate "2015.03.02"]
[SourceVersion "1"]
[SourceVersionDate "2015.03.02"]
[SourceQuality "1"]

1. e4 Nf6 2. e5 Ng8 3. f4 d6 4. Nf3 c5 5. Nc3 Nc6 6. Bb5 Bd7 7. Qe2 e6 8. 0-0 Nh6 9. d3 Nf5 10. Qf2 d5 11. g4 Nfd4 12. Bxc6 Nxf3+ 13. Qxf3 Bxc6 14. f5 Qd7 15. fxe6 fxe6 16. Bg5 h6 17. Bh4 g5 18. Qf6 Rg8 19. Bg3 Qe7 20. a4 a6 21. b3 0-0-0 22. Rae1 Be8 23. Re2 Qd7 24. Be1 Bg7 25. Qf2 Qc7 26. d4 Rf8 27. Qe3 Rxf1+ 28. Kxf1 cxd4 29. Qxd4 Bg6 30. Bg3 Rf8+ 31. Ke1 Qc6 32. b4 Rf3 33. Kd2 Bf8 34. b5 Qc5 35. Qxc5+ Bxc5 36. bxa6 bxa6 37. Nb1 Kd7 38. Kc1 Rf1+ 39. Re1 Rf8 40. Re2 Kc6 41. Nd2 Bb4 42. Rf2 Ba3+ 43. Kd1 d4 44. Rxf8 Bxf8 45. Nc4 Kc5 46. Nd6 Kd5 47. Kd2 Bg7 48. Nc8 Be4 49. Ne7+ Kc4 50. Ng8 Bf3 51. Nf6 Bc6 52. a5 Bf8 53. Ng8 Bf3 54. Nf6 Bb4+ 55. Kc1 Bxa5 56. h3 Bb4 57. h4 a5 58. hxg5 hxg5 59. Nh7 Bxg4 60. Nxg5 a4 61. Ne4 Be2 62. Nd6+ Kd5 63. Kb2 Bc4 64. Nxc4 Kxc4 65. Bf2 a3+ 66. Ka2 Bc5 67. Be1 Kd5 68. Bg3 Ke4 69. Kb3 Ke3 70. Bh2 Kd2 71. Bf4+ Kd1 72. Bg3 Kc1 73. Bf2 Kb1 74. c3 a2 75. cxd4 a1Q 0-1

[Event "Sharjah op"]
[Site "Sharjah"]
[Date "2014.11.20"]
[Round "6"]
[White "Rafee, Mohd Hayel"]
[Black "Alkhaldi, Bader"]
[Result "1-0"]
[WhiteElo "1931"]
[BlackElo "1950"]
[PlyCount "83"]
[EventDate "2014.11.15"]
[EventType "swiss"]
[EventRounds "9"]
[EventCountry "UAE"]
[SourceTitle "CBM 163 Extra"]
[Source "ChessBase"]
[SourceDate "2014.12.23"]
[SourceVersion "1"]
[SourceVersionDate "2014.12.23"]
[SourceQuality "1"]

1. e4 c5 2. Nc3 e6 3. g3 d6 4. f4 d5 5. exd5 exd5 6. d4 Nf6 7. Nf3 c4 8. Bg2 Bb4 9. 0-0 Bxc3 10. bxc3 0-0 11. Ne5 Bf5 12. Rb1 Qc8 13. Rb5 Rd8 14. Ba3 Nc6 15. Re1 Be4 16. Nf3 a6 17. Rb6 Nd7 18. Rb2 Qc7 19. Qb1 b5 20. Kf2 f6 21. Bh3 Re8 22. Qd1 Nb6 23. Rb1 Qf7 24. Re3 Rad8 25. Qd2 Nd7 26. Rbe1 Rb8 27. Bd6 Rb7 28. Qc1 a5 29. Bf5 Ne7 30. Bxe4 dxe4 31. Rxe4 Nb6 32. Qa3 Nbd5 33. Qxa5 b4 34. cxb4 Nc3 35. Rxe7 Rbxe7 36. Bxe7 Qg6 37. f5 Qg4 38. Re6 Qh3 39. Qc5 Nd1+ 40. Ke1 Qg2 41. Qxc4 Qf2+ 42. Kxd1 1-0

[Event "Sharjah op rapid"]
[Site "Sharjah"]
[Date "2014.07.07"]
[Round "6"]
[White "Rafee, Mohd Hayel"]
[Black "Rayes, Abdul Kader"]
[Result "0-1"]
[WhiteElo "1961"]
[BlackElo "2238"]
[PlyCount "106"]
[EventDate "2014.07.05"]
[EventType "swiss (rapid)"]
[EventRounds "9"]
[EventCountry "UAE"]
[SourceTitle "CBM 161 Extra"]
[Source "ChessBase"]
[SourceDate "2014.08.29"]
[SourceVersion "1"]
[SourceVersionDate "2014.08.29"]
[SourceQuality "1"]

1. e4 e5 2. Nf3 Nc6 3. Bc4 Nf6 4. d3 Bc5 5. c3 d6 6. a4 a6 7. h3 Ba7 8. Nbd2 Qe7 9. Nf1 h6 10. Ng3 g6 11. Qe2 Be6 12. b4 Bxc4 13. dxc4 Nd8 14. Be3 Bxe3 15. fxe3 Ne6 16. 0-0 h5 17. Qf2 Nd7 18. h4 a5 19. c5 dxc5 20. b5 f6 21. Rad1 Nb6 22. Qa2 0-0 23. Nf5 Qe8 24. Rd2 Kh7 25. Nd6 Qe7 26. Nc4 Nxc4 27. Qxc4 Rad8 28. Rfd1 Rxd2 29. Rxd2 Rd8 30. Rd5 b6 31. Qd3 Rd6 32. Nd2 Nd8 33. Nc4 Rxd5 34. Qxd5 Nf7 35. Qb7 Nd6 36. Nxd6 Qxd6 37. Kh2 Qd7 38. Qb8 Kg7 39. c4 f5 40. exf5 gxf5 41. Qb7 e4 42. Qb8 Qe7 43. Kh3 f4 44. Qc8 fxe3 45. Qf5 e2 46. Qf2 Qe6+ 47. Kh2 Qd6+ 48. Kh3 Qd3+ 49. Kh2 Qd6+ 50. Kh3 Qe6+ 51. Kh2 Qe5+ 52. Kh3 Qc3+ 53. Kh2 e1Q 0-1

[Event "Dubai op 16th"]
[Site "Dubai"]
[Date "2014.04.12"]
[Round "6"]
[White "Rafee, Mohd Hayel"]
[Black "Gulamali, Kazim"]
[Result "0-1"]
[WhiteElo "1907"]
[BlackElo "2293"]
[PlyCount "64"]
[EventDate "2014.04.07"]
[EventType "swiss"]
[EventRounds "9"]
[EventCountry "UAE"]
[SourceTitle "CBM 159 Extra"]
[Source "ChessBase"]
[SourceDate "2014.04.24"]
[SourceVersion "1"]
[SourceVersionDate "2014.04.24"]
[SourceQuality "1"]

1. e4 c5 2. Nc3 e6 3. f4 Nc6 4. Nf3 Nge7 5. d4 Nxd4 6. Nxd4 cxd4 7. Qxd4 Nc6 8. Qf2 d5 9. Bd3 d4 10. Ne2 Bb4+ 11. Kf1 e5 12. a3 Be7 13. f5 Qd6 14. g4 Bd7 15. h4 Rc8 16. Bd2 a6 17. Ng3 Nb8 18. Kg2 Bb5 19. g5 f6 20. Bb4 Qb6 21. Bxe7 Kxe7 22. Qd2 Bxd3 23. cxd3 Qb3 24. Kh3 Nd7 25. Rhc1 Nc5 26. gxf6+ gxf6 27. Qh6 Nxd3 28. Qg7+ Qf7 29. Rc7+ Rxc7 30. Qxh8 Rc2 31. Qb8 Nf4+ 32. Kg4 h5+ 0-1

[Event "World Amateur-ch"]
[Site "Iasi"]
[Date "2013.04.29"]
[Round "8"]
[White "Karthik, Kumar Amuddhu"]
[Black "Rafee, Mohd Hayel"]
[Result "0-1"]
[WhiteElo "1772"]
[BlackElo "1909"]
[PlyCount "118"]
[EventDate "2013.04.22"]
[EventType "swiss"]
[EventRounds "9"]
[EventCountry "ROU"]
[SourceTitle "CBM 154 Extra"]
[Source "ChessBase"]
[SourceDate "2013.06.25"]
[SourceVersion "2"]
[SourceVersionDate "2013.06.25"]
[SourceQuality "1"]

1. e4 c5 2. Nf3 g6 3. d4 cxd4 4. Nxd4 Bg7 5. Nc3 Nc6 6. Be3 Nf6 7. Bc4 0-0 8. Nxc6 bxc6 9. f3 Qa5 10. 0-0 d6 11. Qd2 Ba6 12. Bxa6 Qxa6 13. Rab1 Rfb8 14. Bd4 Qa5 15. Rfd1 c5 16. Bxf6 Bxf6 17. Nd5 Bd4+ 18. Kf1 Qxd2 19. Rxd2 Rb7 20. c3 Bg7 21. Rc2 Kf8 22. Ke2 h5 23. Ne3 e6 24. Rd1 Ke7 25. Rcd2 Rd8 26. Nc2 Rbd7 27. Na3 Rc8 28. Nc4 Rc6 29. f4 f6 30. f5 gxf5 31. exf5 d5 32. Kf3 Rdc7 33. Ne3 Bh6 34. fxe6 Bxe3 35. Kxe3 Rxe6+ 36. Kf3 Rb6 37. Rxd5 Rxb2 38. Rxh5 Ke6 39. Rdd5 Rc2 40. Rxc5 Rxc3+ 41. Rxc3 Rxc3+ 42. Kf4 Ra3 43. Rb5 Rxa2 44. Kg3 Kf7 45. h4 a5 46. h5 a4 47. Rb7+ Kg8 48. Kh3 a3 49. Ra7 Ra1 50. g3 f5 51. Kh4 f4 52. g4 f3 53. Kg3 a2 54. Ra8+ Kf7 55. Ra7+ Ke6 56. Ra6+ Kd5 57. h6 Rg1+ 58. Kxf3 a1Q 59. Rxa1 Rxa1 0-1

[Event "World Amateur-ch"]
[Site "Iasi"]
[Date "2013.04.28"]
[Round "7"]
[White "Rafee, Mohd Hayel"]
[Black "Rusu, Vasile"]
[Result "1-0"]
[WhiteElo "1909"]
[BlackElo "1758"]
[PlyCount "87"]
[EventDate "2013.04.22"]
[EventType "swiss"]
[EventRounds "9"]
[EventCountry "ROU"]
[SourceTitle "CBM 154 Extra"]
[Source "ChessBase"]
[SourceDate "2013.06.25"]
[SourceVersion "2"]
[SourceVersionDate "2013.06.25"]
[SourceQuality "1"]

1. e4 e5 2. Nf3 Nc6 3. Bb5 Nd4 4. Nxd4 exd4 5. 0-0 c6 6. Bc4 d6 7. d3 Nf6 8. Qe1 Be7 9. f4 0-0 10. Bb3 Re8 11. Nd2 d5 12. e5 Ng4 13. Nf3 Be6 14. h3 Nh6 15. Qf2 Nf5 16. g4 Ne3 17. Bxe3 dxe3 18. Qe2 d4 19. c3 Bc5 20. Bxe6 Rxe6 21. Rae1 Qd5 22. b4 Bb6 23. Nxd4 Bxd4 24. cxd4 Rd8 25. f5 Rh6 26. Qxe3 Qxd4 27. Qxd4 Rxd4 28. Rf3 Rxb4 29. e6 Kf8 30. Kg2 f6 31. Kg3 Ke7 32. Re4 Rb5 33. Rd4 Rd5 34. Rxd5 cxd5 35. h4 g6 36. Rf1 gxf5 37. gxf5 b5 38. Kg4 Rg6+ 39. fxg6 hxg6 40. Re1 b4 41. h5 gxh5+ 42. Kxh5 a5 43. Kg6 a4 44. Kf5 1-0

[Event "Dubai op 15th"]
[Site "Dubai"]
[Date "2013.04.07"]
[Round "1"]
[White "Michalik, Peter"]
[Black "Rafee, Mohd Hayel"]
[Result "1-0"]
[WhiteElo "2535"]
[BlackElo "1909"]
[PlyCount "87"]
[EventDate "2013.04.07"]
[EventType "swiss"]
[EventRounds "9"]
[EventCountry "UAE"]
[SourceTitle "CBM 153 Extra"]
[Source "ChessBase"]
[SourceDate "2013.04.22"]
[SourceVersion "1"]
[SourceVersionDate "2013.04.22"]
[SourceQuality "1"]

1. Nf3 Nf6 2. c4 e6 3. g3 b6 4. Bg2 Bb7 5. 0-0 Be7 6. d4 d6 7. d5 exd5 8. Nh4 0-0 9. Nf5 Re8 10. cxd5 Nbd7 11. Nc3 a5 12. b3 Nc5 13. Bb2 Bf8 14. Qd4 g6 15. Nb5 Ncd7 16. Ne3 Ba6 17. Qc4 Ne5 18. Bxe5 Rxe5 19. a4 Bxb5 20. Qxb5 Nd7 21. Nc2 Nc5 22. Nd4 Qe8 23. Qc4 Bg7 24. Ra2 Qd7 25. Nc6 Ree8 26. Re1 Qf5 27. e4 Qg5 28. Rae2 Qf6 29. Re3 Qb2 30. f4 h5 31. e5 dxe5 32. fxe5 Bh6 33. Rf3 Bg7 34. e6 fxe6 35. dxe6 Qd2 36. Re2 Qd1+ 37. Rf1 Qd6 38. e7+ Kh7 39. Bd5 Rac8 40. Rf7 Kh8 41. Kg2 Nd7 42. Re6 Qc5 43. Qxc5 Nxc5 44. Rxg6 1-0

[Event "World Amateur-ch"]
[Site "Antalya"]
[Date "2011.10.08"]
[Round "7"]
[White "Virkud, Apurva"]
[Black "Rafee, Mohd Hayel"]
[Result "0-1"]
[WhiteElo "1810"]
[BlackElo "1902"]
[PlyCount "112"]
[EventDate "2011.10.01"]
[EventType "swiss"]
[EventRounds "9"]
[EventCountry "TUR"]
[SourceTitle "CBM 144 Extra"]
[Source "ChessBase"]
[SourceDate "2011.10.28"]
[SourceVersion "1"]
[SourceVersionDate "2011.10.28"]
[SourceQuality "1"]

1. d4 g6 2. c4 Bg7 3. Nc3 d6 4. e4 Nf6 5. Nf3 0-0 6. Be2 e5 7. 0-0 Nc6 8. d5 Ne7 9. Nd2 Ne8 10. b4 f5 11. f3 f4 12. c5 h5 13. Nc4 g5 14. a4 Kh8 15. Ba3 Rf6 16. b5 Rg6 17. b6 axb6 18. cxb6 c6 19. dxc6 Nxc6 20. Nb5 Bf8 21. Qc2 g4 22. fxg4 hxg4 23. g3 f3 24. Bd3 Be6 25. Rad1 Rc8 26. Qf2 Ra8 27. Nc3 Be7 28. Rc1 Nd4 29. Ne3 Bg5 30. Rb1 Rc8 31. Ncd5 Rh6 32. Bb2 Nf6 33. Nxf6 Rxf6 34. Nd5 Bxd5 35. exd5 Qxb6 36. Bc1 Ne2+ 37. Bxe2 fxe2 38. Rxb6 exf1Q+ 39. Kxf1 Rxc1+ 40. Kg2 Rxf2+ 41. Kxf2 Rc2+ 42. Kf1 Be7 43. Rxb7 Bf8 44. Rb4 Rxh2 45. Rxg4 Rd2 46. a5 Rxd5 47. Ra4 Rb5 48. a6 Rb8 49. a7 Ra8 50. Ke2 Kg7 51. Kd3 Kf7 52. Kc4 Ke6 53. Kb5 Bh6 54. Ra3 Bc1 55. Rc3 Bb2 56. Rc7 Bd4 0-1